Nano-engineering in science and technology an introduction to the world of nano-design (series on the foundations of natural science and technology - vol. 6)

Ebook from IG Library

Wedi'i Gadw mewn:
Manylion Llyfryddiaeth
Prif Awdur: Rieth, Michael
Fformat: Llyfr
Iaith:Undetermined
Cyhoeddwyd: World Scientific Publishing Co. Pte. Ltd 2003
Pynciau:
Mynediad Ar-lein:http://lrc.tdmu.edu.vn/opac/search/detail.asp?aID=2&ID=38751
Tagiau: Ychwanegu Tag
Dim Tagiau, Byddwch y cyntaf i dagio'r cofnod hwn!
Thư viện lưu trữ: Trung tâm Học liệu Trường Đại học Thủ Dầu Một
LEADER 00801nam a2200193Ia 4500
001 TDMU_38751
008 210410s9999 xx 000 0 und d
082 |a 070.40811 
100 |a Rieth, Michael 
245 0 |a Nano-engineering in science and technology 
245 3 |b an introduction to the world of nano-design (series on the foundations of natural science and technology - vol. 6) 
245 0 |c Michael Rieth 
260 |b World Scientific Publishing Co. Pte. Ltd 
260 |c 2003 
300 |a 164Pages 
520 |a Ebook from IG Library  
650 |a Science and technology  |x Nano-engineering; Công nghệ nano  |x Kỹ thuật thiết kế 
856 |u http://lrc.tdmu.edu.vn/opac/search/detail.asp?aID=2&ID=38751 
980 |a Trung tâm Học liệu Trường Đại học Thủ Dầu Một